Znalosť a využívanie metódy Balanced scorecard v podnikoch Slovenskej republiky
Balanced scorecard ako nástroj strategického riadenia výkonnosti podniku. Prezentácia primárneho prieskumu zameraného na zistenie súčasného stavu využívania metódy BSC v podnikoch na území Slovenskej republiky.
Salvato in:
| Autore principale: | |
|---|---|
| Altri autori: | |
| Natura: | Capitolo di libro |
| Lingua: | slovacco |
| Soggetti: | |
| Tags: |
Nessun Tag, puoi essere il primo ad aggiungerne!!
|
MARC
| LEADER | 00000naa a2200000 4500 | ||
|---|---|---|---|
| 001 | 0208617 | ||
| 005 | 20221019174850.4 | ||
| 041 | 0 | |a slo | |
| 044 | |a SK | ||
| 245 | 1 | 0 | |a Znalosť a využívanie metódy Balanced scorecard v podnikoch Slovenskej republiky |c Ľubica Lesáková, Katarína Dubcová |
| 520 | |a Balanced scorecard ako nástroj strategického riadenia výkonnosti podniku. Prezentácia primárneho prieskumu zameraného na zistenie súčasného stavu využívania metódy BSC v podnikoch na území Slovenskej republiky. | ||
| 610 | 2 | 0 | |a metóda BSC |
| 610 | 2 | 0 | |a Slovensko |
| 610 | 2 | 0 | |a podnik |
| 610 | 2 | 0 | |a riadenie strategické |
| 610 | 2 | 0 | |a výkonnosť podniku |
| 100 | 1 | |a Lesáková, Ľubica | |
| 700 | 1 | |a Dubcová, Katarína | |